Topic (Record no. 76014)

MARC details
000 -LEADER
fixed length control field 01117cab a2200265 4500
001 - CONTROL NUMBER
control field ##L131274
008 - FIXED-LENGTH DATA ELEMENTS--GENERAL INFORMATION
fixed length control field 051017n2005 000 0 eng u
035 ## - SYSTEM CONTROL NUMBER
System control number (Sirsi) u131274
041 0# - LANGUAGE CODE
Language code of text/sound track or separate title eng
100 1# - MAIN ENTRY--PERSONAL NAME
Personal name Moor, Malcolm
245 00 - TITLE STATEMENT
Title Topic
Remainder of title master planning
260 3# - PUBLICATION, DISTRIBUTION, ETC.
Date of publication, distribution, etc. 2005
490 #0 - SERIES STATEMENT
Series statement Urban Design Quarterly
Volume/sequential designation (96) Autumn 2005, 18-35(18)
520 ## - SUMMARY, ETC.
Summary, etc. Presents a collection of six articles on the master planning process and significant, contemporary examples of master planning. Covers the following themes: the need for quality design time in master planning; an overview of the process; the Dumbarton Harbour, Stratford City and Lewisham Gateway projects; the Paradise project in Liverpool, and the lessons to be learnt from Telford Millennium Community, one of the government millennium community projects.
590 ## - LOCAL NOTE (RLIN)
Local note IKA251005
690 ## - LOCAL SUBJECT ADDED ENTRY--TOPICAL TERM (OCLC, RLIN)
Topical term or geographic name as entry element Planning and development
9 (RLIN) 6259
700 1# - ADDED ENTRY--PERSONAL NAME
Personal name Rowland. Jon
700 1# - ADDED ENTRY--PERSONAL NAME
Personal name Fox, Jim
700 1# - ADDED ENTRY--PERSONAL NAME
Personal name Reynolds, Amanda
700 1# - ADDED ENTRY--PERSONAL NAME
Personal name Lowe, Michael
700 1# - ADDED ENTRY--PERSONAL NAME
Personal name Smith, Malcolm
700 1# - ADDED ENTRY--PERSONAL NAME
Personal name Rees, Richard
700 1# - ADDED ENTRY--PERSONAL NAME
Personal name Davenport, Terry
942 ## - ADDED ENTRY ELEMENTS (KOHA)
Suppress in OPAC 0
Holdings
Withdrawn status Lost status Source of classification or shelving scheme Damaged status Not for loan Home library Current library Shelving location Date acquired Total Checkouts Full call number Barcode Date last seen Copy number Price effective from Koha item type
    Dewey Decimal Classification     London London Journal article 17/10/2005   L131274 131274-1001 06/08/2019 1 06/08/2019 Journal article